Statistiques concernant Culture Générale - Série 1797

Cliquez ici pour prendre le quiz!

Statistiques générales

  • Ce quiz a été pris 272 fois
  • Le résultat moyen est 4 sur 10

Statistiques - réponses

QuestionRéponse% Correct
Quel type d'objet est un mug ?tasse
96%
Dans quel pays peut-on admirer les ruines de Chichén Itzá ?Mexique
80%
Dans quel état des USA se trouve la "vallée de la mort" ?Californie
71%
Quel pays abrite le siège social de la société de téléphonie mobile Nokia ? Finlande
53%
De quel département français Evreux est-il le chef-lieu ?Eure
52%
Quel pays sert de cadre au roman d'Ernest Hemingway" Le soleil se lève aussi" ?Espagne
31%
Au parc du Puy du Fou, quels oiseaux ont été éduqués pour ramasser des mégots de cigarettes ?corbeaux
27%
Qu'est-ce qu'une anone ?fruit
17%
A quelle famille de mammifères appartiennent les "sciuridés" ?rongeurs
10%
L’étamine est l'unité de l'appareil reproducteur mâle chez les plantes à fleurs, mais c'est aussi un ...tissu
8%

Distribution des résultats

Percentile par nombre de réponses

% des personnes avec chaque résultat

Votre développement - résultats

Vous n’avez pas pris ce quiz